000
00261nam a22001217a 4500
008
181219b xxu||||| |||| 00| 0 eng d
041
_a
eng
080
_a
45
100
_a
721
101
_a
ARK
245
_a
The Book Of Houses
_c
Hindley.G
942
_2
udc
_c
BK
999
_c
53507
_d
53507